Statistics for Best NBA Players By Number

Click here to take the quiz!

General Stats

  • This quiz has been taken 61 times
  • The average score is 22 of 53

Answer Stats

#Answer% Correct
44Jerry West
93%
23Michael Jordan
87%
45Michael Jordan
87%
0Russell Westbrook
87%
36Shaquille O'Neal
78%
34Shaquille O'Neal
78%
24Kobe Bryant
74%
8Kobe Bryant
74%
30Stephen Curry
70%
33Kareem Abdul-Jabbar
69%
32Magic Johnson
69%
35Kevin Durant
63%
13Wilt Chamberlain
63%
21Tim Duncan
61%
50David Robinson
59%
3Allen Iverson
56%
6Bill Russell
56%
11Karl Malone
56%
2Moses Malone
56%
12John Stockton
54%
41Dirk Nowitzki
50%
1Oscar Robertson
50%
14Oscar Robertson
50%
31Reggie Miller
44%
15Carmelo Anthony
43%
7Carmelo Anthony
43%
20Gary Payton
43%
5Kevin Garnett
43%
00Robert Parish
37%
17John Havlicek
33%
25Vince Carter
33%
9Bob Pettit
31%
22Elgin Baylor
31%
99George Mikan
31%
40Shawn Kemp
30%
10Walt Frazier
26%
16Pau Gasol
24%
19Willis Reed
24%
4Dolph Schayes
19%
18Dave Cowens
17%
47Jerry Lucas
9%
42Nate Thurmond
7%
37Ron Artest
7%
38Kwame Brown
6%
28Sam Cassell
6%
46Bo Outlaw
4%
39Greg Ostertag
4%
43Jack Sikma
4%
26Kyle Korver
4%
29Paul Silas
4%
49Shandon Anderson
4%
27James Twyman
2%
48Nazr Mohammed
2%

Score Distribution

Percentile by Number Answered

Percent of People with Each Score

Your Score History

You have not taken this quiz